| 000 | 00447pab a2200181 454500 | ||
|---|---|---|---|
| 008 | 180718b1997 xxu||||| |||| 00| 0 eng d | ||
| 100 | _aOmmeren, Jos Van | ||
| 245 | _aCommuting: in search of jobs and residences | ||
| 260 | _c1997 | ||
| 300 | _ap.402-21 | ||
| 362 | _aNov | ||
| 650 | _aHousing | ||
| 650 | _aLabour market | ||
| 700 | _aNijkamp, Peter | ||
| 700 | _aRietveld, Piet | ||
| 773 | _aJournal of Urban Economics | ||
| 909 | _a36205 | ||
| 999 |
_c36205 _d36205 |
||